Высокополевые автосолитоны в электронно-дырочной плазме p-Ge; Журнал экспериментальной и теоретической физики; Т. 124, вып. 1

Détails bibliographiques
Parent link:Журнал экспериментальной и теоретической физики=ЖЭТФ/ Российская академия наук (РАН) ; Отделение физических наук РАН.— , 1931-.— 0044-4510
Т. 124, вып. 1.— 2003.— с. 180-193
Auteur principal: Винославский М. Н.
Autres auteurs: Кравченко А. В.
Langue:russe
Publié: 2003
Collection:Твердые тела
Sujets:
Format: MixedMaterials Chapitre de livre
KOHA link:https://koha.lib.tpu.ru/cgi-bin/koha/opac-detail.pl?biblionumber=431522

MARC

LEADER 00000naa2a2200000 4500
001 431522
005 20231101075405.0
035 |a (RuTPU)RU\TPU\prd\91652 
035 |a RU\TPU\prd\18576 
090 |a 431522 
100 |a 20101201a2003 k y0rusy50 ca 
101 0 |a rus 
102 |a RU 
200 1 |a Высокополевые автосолитоны в электронно-дырочной плазме p-Ge  |f М. Н. Винославский, А. В. Кравченко 
225 1 |a Твердые тела  |e Электронные свойства 
320 |a Библиогр.: 26 назв. 
461 1 |0 (RuTPU)RU\TPU\prd\1443  |x 0044-4510  |t Журнал экспериментальной и теоретической физики  |l ЖЭТФ  |f Российская академия наук (РАН) ; Отделение физических наук РАН  |d 1931- 
463 1 |0 (RuTPU)RU\TPU\prd\91638  |t Т. 124, вып. 1  |v с. 180-193  |d 2003 
610 1 |a электронно-дырочная плазма 
610 1 |a высокополевые автосолитоны 
610 1 |a германий 
610 1 |a экспериментальные методы 
700 1 |a Винославский  |b М. Н. 
701 1 |a Кравченко  |b А. В. 
801 1 |a RU  |b 63413507  |c 20031017  |g PSBO 
801 2 |a RU  |b 63413507  |c 20101201  |g RCR 
942 |c BK